Esquema de la historia: desde la prehistoria hasta el siglo XX

Збережено в:
Бібліографічні деталі
Автор: Hartmann, Johannes (Автор)
Формат: Книга
Мова:Іспанська
Опубліковано: Buenos Aires, Argentina Compañía General Fabril 1964
Предмети:
Теги: Додати тег
Немає тегів, Будьте першим, хто поставить тег для цього запису!

MARC

LEADER 00000nam a2200000 a 4500
001 UCO4009
003 CL-VaPUC
005 20231102151813.0
008 000728e19640000AG |||||||||||||||||spa|d
999 |c 290096  |d 290094 
040 |c Pontificia Universidad Católica de Valparaíso 
082 0 4 |a 909 HAR 1964  |2 21 
100 0 |a Hartmann, Johannes  |e author  |9 448084 
245 1 0 |a Esquema de la historia:  |b  desde la prehistoria hasta el siglo XX 
260 |a Buenos Aires, Argentina  |b Compañía General Fabril  |c 1964 
300 |a 269 páginas 
583 |a last modification  |c 20170518 01:12:47  |k Rodrigo Vera 
650 0 |a Historia universal  |9 266877 
650 0 |a Cronología   |9 268356 
650 0 |a Prehistoria  |9 316557 
650 0 |a Historia antigua  |9 267521 
650 0 |a Historia moderna  |9 268036 
650 7 |a HISTORIA CONTEMPORANEA  |2 CL-VaPUC  |9 448085 
942 |c BK  |2 ddc 
945 |d 20000728 00:00:00  |a crobeson 
952 |0 0  |1 0  |2 ddc  |4 0  |6 909_000000000000000_HAR_1964  |7 0  |8 A  |9 339309  |a BIBHIS  |b BIBHIS  |d 2019-11-20  |i 1202928  |o 909 HAR 1964  |p 1202928  |r 2023-01-25  |t 1  |w 2019-11-20  |y BK  |k HIS